Electric Machinery & Transformers (Record no. 856)

MARC details
000 -LEADER
fixed length control field 00392nam a2200169Ia 4500
008 - FIXED-LENGTH DATA ELEMENTS--GENERAL INFORMATION
fixed length control field 221030s9999 xx 000 0 und d
020 ## - INTERNATIONAL STANDARD BOOK NUMBER
ISBN 8120307755
041 ## - LANGUAGE CODE
Language code of text/sound track or separate title
082 ## - DEWEY DECIMAL CLASSIFICATION NUMBER
Classification number 105.23
Item number Kos
100 ## - MAIN ENTRY--AUTHOR NAME
Personal name I. L. Kosow
245 #0 - TITLE STATEMENT
Title Electric Machinery & Transformers
Statement of responsibility, etc by I. L. Kosow
250 ## - EDITION STATEMENT
Edition statement 2nd
260 ## - PUBLICATION, DISTRIBUTION, ETC. (IMPRINT)
Name of publisher PHI
Place of publication New Delhi
Year of publication 2006
300 ## - PHYSICAL DESCRIPTION
Number of Pages 626
650 ## - SUBJECT ADDED ENTRY--TOPICAL TERM
Topical Term EE
942 ## - ADDED ENTRY ELEMENTS (KOHA)
Koha item type Books
Holdings
Accession Number Cost, normal purchase price Full call number Price effective from Koha item type Withdrawn / writtenoff status Materials specified (bound volume or other part) Damaged status Not for loan Permanent Location Current Location Shelving location Date acquired Lost/ Missing status department
BE 8401 295.00 105.23 Kos 10/30/2022 Books   Print     MIET Library, Jammu MIET Library, Jammu BL-First, FL-1, CUP-35, SH-4, R-4 11/03/2006   BE